000 00721nam a2200289Ia 4500
005 20260324144237.0
008 008 260324s9999 xx 000 0 eng d
020 _a9780429313950
037 _aEBOOK
040 _aCRL
040 _beng
040 _cCRL
041 _2eng
041 _aeng
084 _qCRL
100 _aAlex Mintz
245 4 _aThe Politics Of Resource Allocation In The U.s. Department Of Defense
245 0 _bInternational Crises And Domestic Constraints
260 _bTaylor and Francis
260 _c1989
365 _a
365 _b145
856 _uhttp://www.taylorfrancis.com/books/9780429313950
942 _cEBOOK
999 _c1824979
_d1824979